| 000 | 00775nam a2200205Ii 4500 | ||
|---|---|---|---|
| 003 | JO-AjNU | ||
| 008 | 230605s9999||||xx |||||||||||||| ||und|| | ||
| 017 | _a2005/9/2136 | ||
| 040 |
_aJO-AjNU _bara _erda _cJO-AjNU |
||
| 041 | _aara | ||
| 050 | 1 | 4 | _aBP180 2005 |
| 100 | 3 |
_aالخياط، عبد العزيز عزت, _eauthor _953026 |
|
| 245 | 0 | 0 | _aالزكاة تطبيقاتها واستثمارها الزكاة والضمان الإجتماعي |
| 264 | 3 | 1 | _aعمان: الدار المتقدمة للنشر، 2005 |
| 300 | _a220ص | ||
| 336 |
_atext _btxt _2rdacontent |
||
| 337 |
_aunmediated _bn _2rdamedia |
||
| 338 |
_avolume _bnc _2rdacarrier |
||
| 650 | 4 |
_aالزكاة- التكافل الاجتماعي في الاسلام- الفقه الاسلامي _953027 |
|
| 999 |
_aA23525 _c27093 _d27093 |
||